000 00933nab a2200265 u 4500
001 19288
003 HDC
007 cr bn ---aaaaa
008 210228c20100927xx dr|noo 0 a eng d
040 _aHDC
100 _aMehta, Manik
_eauthor
_916841
245 0 _aPort Klang & Port Of Marseilles Ink MoU To Bolster Malaysia's Halal Exports To North Africa / by
_cManik Mehta
260 _a[No place] :
_b[publisher not identified],
_c2010
300 _a1 online resource
336 _atext
_2rdacontent
337 _acomputer
_2rdamedia
338 _aonline resource
_2rdacarrier
650 _ahalal product exports
_917758
650 _aTrade and commerce
_917757
710 _aHalal Focus
856 _zRequest full-text at [email protected]
942 _2lcc
942 _cNEWS
942 _kNWSO 006205
999 _c16604
_d16604